Indiana Pacers leading scorer each game (2024-2025 season) - Statistics

General Stats
  • This quiz has been taken 28 times
  • The average score is 8 of 10
Answer Stats
# of games Player % Correct
27 Pascal Siakam
100%
21 Tyrese Haliburton
100%
9 Myles Turner
96%
3 Aaron Nesmith
84%
3 Andrew Nembhard
84%
12 Bennedict Mathurin
84%
3 Obi Toppin
80%
1 TJ McConnell
68%
1 Ben Sheppard
60%
2 Quenton Jackson
56%
No matching quizzes found
Score Distribution
Percent of People with Each Score
Percentile by Number Answered
Your Score History
You have not taken this quiz